Регионална библиотека "Любен Каравелов" - Русе

Чудният пазач (Запис номер 140878)

MARC детайли
000 -Лидер
Контролно поле с фиксирана дължина 01284nam a2200313 a 4500
003 - Код на организацията, давaща контролен номер
Контролно поле BLK
005 - Дата и час на последна редакция
Контролно поле 20230714005156.0
008 - Елементи от данни с фиксирана дължина
fixed length control field 180409b bul|||||r ||||||| ||bul||
010 ## - Наследен системен номер
LC control number KNG00146947000
040 ## - Източник на каталожния запис
Идентификатор на билиотеката - собственик на записа BLK
041 ## - Код за език
Код за езика на текст/звукозапис или на отделно заглавие Български
Код за езика КДБФ Български
080 ## - УДК
Текстов определител УДК Българска литература
УДК код - определител по УДК 821.163.2
УДК определител -93-32
УДК - код + определител 821.163.2-93-32
100 1# - Редна дума - Автор
Автор Лачева, Цилия Владимирова
Авторска отговорност първи автор
R(LIN) 377135
139 ## - Редно поле
Редна дума Лачева, Цилия Владимирова
Авторски знак Лач - Л 30
245 10 - Сведения за заглавието
Заглавие Чудният пазач
Подзаглавни данни Новели за деца : За нач. училищна възраст
Редно поле (дума) Цилия Владимирова Лачева; худож. Стоимен Стоилов.
257 ## - Страна на издаване
Страна на създаване/издаване България
260 ## - Област на издателските данни
Място на издаване, разпространение и проч. София
Име на издателя, разпространителя и проч. Нар. младеж
Година на издаване 1972
300 ## - Физическа характеристика
Страници 115 с.
Илюстрации и др. с ил.
Размери/Мащаб 20 см
380 ## - Жанр
Жанр Детска худож. лит.
500 ## - Общи забележки
Забележка 15 125 тир.
700 ## - Други автори (авторска отговорност)
Лично име Стоилов, Стоимен Иванов
Дати, свързани с автора 1944-
Друга информация Български график и живописец
9 (RLIN) 374518
852 ## - Местоположение
Форматна сигнатура Цб 261426
856 4# - Електронен адрес и достъп
Електронен формат pdf - файл
Инструкция (цена за достъп) 0.00
Права за достъп disable
856 4# - Електронен адрес и достъп
Електронен формат pdf - файл
Инструкция (цена за достъп) 0.00
Права за достъп disable
999 ## - СИСТЕМНИ КОНТРОЛНИ НОМЕРА
Koha biblionumber 140878
Koha biblioitemnumber 140878
942 ## - АРТИКУЛИ
Вид на библиотечния материал Книги
Скрит в OPAC Не
Периодичен библиозапис Да
944 ## - СЪЗДАВАНЕ И РЕДАКЦИЯ на ЗАПИСА
Създаване/Редакция Създаване
Дата на регистрацията/редакция 23.07.2013
Статус, дата на статуса CRON CRON
Служител, извършил регистрацията/редакцията
944 ## - СЪЗДАВАНЕ И РЕДАКЦИЯ на ЗАПИСА
Създаване/Редакция Редакция
Дата на регистрацията/редакция 13.09.2017
Статус, дата на статуса 23.07.2013 - от С1,Р / 23.07.2013
Служител, извършил регистрацията/редакцията Вася_Ганчева
999 ## - СИСТЕМНИ КОНТРОЛНИ НОМЕРА
Koha biblioitemnumber 140878
Наличности
Код за отписване Код за изгубен артикул Източник на класификационната схема Код за повреда Коз за рестрикции Код за отдаване Артикулен № Име на библиотеката - собственик Име на библиотеката, в която се намира в момента Статус (Текущо местоположение) Дата на вписване в системата Местоположение - отдел Цена в лева Инвентарен номер Систематично азбучна сигнатура Баркод Номер на екземпляра Цена в евро Служебна бележка Служебен тип на артикула Бележка за публиката
  Не е изгубен Universal Decimal Classification Не е повреден само за читалня ползва се в читалня 231472 Регионална библиотека "Любен Каравелов" Русе Регионална библиотека "Любен Каравелов" Русе Хранилище 1972-01-01 Хранилище 0.31 118022 Цб 261426 120000118022 1 0.16 Вид: СФ N: стар фонд Дата: 01.01.1972 Книги  
Изтеглен Не е изгубен   Не е повреден без рестрикции заемане за дома 231473 Регионална библиотека "Любен Каравелов" Русе Регионална библиотека "Любен Каравелов" Русе   1972-01-01 Детски отдел 0.31 116566 ДХ 886.7/Л 30 116566 2 0.16 Вид: СФ N: стар фонд Дата: 01.01.1972 Дата инв: 12.10.2015 Бележки инв: Д2015 Книги Отч.N: 29/2017 , Дата: 17.08.2017
Изтеглен Не е изгубен   Не е повреден без рестрикции заемане за дома 231474 Регионална библиотека "Любен Каравелов" Русе Регионална библиотека "Любен Каравелов" Русе   1972-01-01 Детски отдел 0.31 116569 ДХ 886.7/Л 30 116569 3 0.16 Вид: СФ N: стар фонд Дата: 01.01.1972 Дата инв: 04.09.2015 Бележки инв: Д2015 Книги Отч.N: 27/2017 , Дата: 16.08.2017
Vip Innovations Ltd, Rousse, Bulgaria 2025